|
|
|
|
| LEADER |
00000nam a22000004a 4500 |
| 001 |
AR-BbUGT5120 |
| 003 |
AR-BbUGT |
| 005 |
20231027150226.0 |
| 007 |
ta |
| 008 |
150623t2014 ag a m |0|||0|spa d |
| 040 |
|
|
|a AR-BbUGT
|b spa
|c AR-BbUGT
|
| 082 |
0 |
4 |
|a 577.22
|
| 100 |
1 |
|
|a Ramos, María Belén.
|4 dis
|9 811
|
| 245 |
1 |
0 |
|a Biometeorología humana en la ciudad de Punta Alta /
|c María Belén Ramos.
|
| 260 |
|
|
|c 2014.
|
| 300 |
|
|
|a xix, 275, [8] h. :
|b il. col. ;
|c 30 cm.
|
| 500 |
|
|
|a Directora de tesis: Alicia María Campo.
|
| 500 |
|
|
|a "Tesis Doctoral en Geografía".
|
| 502 |
|
|
|a Tesis (doctoral)--Universidad Nacional del Sur. Departamento de Geografía, 2014.
|
| 504 |
|
|
|a Bibliografía : p. 269-275.
|
| 505 |
0 |
|
|a El clima regional y local -- Geografía de la salud -- SIG Salud -- El clima en el Sudoeste Bonaerense -- Los estados del tiempo y las enfermedades infecciosas y parasitarias -- Los estados del tiempo y las enfermedades del sistema respiratorio -- Los estados del tiempo y las enfermedades del sistema digestivo -- Los eventos meteorológicos extremos y las enfermedades
|
| 650 |
|
7 |
|a Condiciones atmosféricas.
|2 unbist
|
| 650 |
|
7 |
|a Clima.
|2 unbist
|
| 650 |
|
7 |
|a Salud.
|2 unbist
|
| 650 |
|
7 |
|a Sistemas de Información geográfica.
|2 unbist
|
| 651 |
|
4 |
|a Punta Alta (Argentina)
|9 326
|
| 653 |
|
|
|a Meteoropatías
|
| 653 |
|
|
|a Biometeorología
|
| 653 |
|
|
|a Clima urbano
|
| 653 |
|
|
|a Geografía de la salud
|
| 653 |
|
|
|a Nosogeografía
|
| 653 |
|
|
|a Climatología médica
|
| 700 |
1 |
|
|a Campo, Alicia María.
|4 ths.
|9 796
|
| 710 |
2 |
|
|a Universidad Nacional del Sur.
|b Departamento de Geografía y Turismo
|4 dgg.
|9 48
|
| 856 |
4 |
1 |
|3 Texto completo
|u http://repositoriodigital.uns.edu.ar/handle/123456789/2355
|
| 942 |
|
|
|c BK
|h 577.22
|i R147
|2 ddc
|6 577_220000000000000_R147
|
| 999 |
|
|
|c 12298
|d 12298
|